Statystyki dla Najludniejsze Kraje Świata

Kliknij tutaj aby rozwiązać quiz!

Ogólne statystyki

  • Ten quiz został rozwiązany 170 razy
  • Średni wynik to 8 z 10

Statystyki odpowiedzi

KontynetKraj% Poprawnych
AzjaChiny
100%
AzjaIndie
95%
Ameryka PółnocnaStany Zjednoczone
95%
Ameryka PołudniowaBrazylia
94%
Europa-AzjaRosja
88%
Ameryka PółnocnaMeksyk
77%
AzjaIndonezja
64%
AfrykaNigeria
59%
AzjaPakistan
58%
AzjaBangladesz
48%

Rozkład punktacji

Percentyl według liczby udzielonych odpowiedzi

Procent ludzi z każdym wynikiem

Twoja historia wyników

Nie rozwiązałeś tego quizu